Gaming Quiz

Random Gaming or Video Games Quiz
Score 0/16 Timer 05:00
2 Plays Today
% Correct
Donkey Kong
95.8%
Minecraft
93.7%
The Legend of Zelda: Wind Waker
91.3%
WWE 2K17
84.7%
Assassin's Creed IV: Black Flag
83.7%
Tomb Raider
80.5%
Pokémon FireRed
78.9%
Mega Man 2
74.6%
% Correct
Halo 3
67.7%
GoldenEye 007
63.3%
Metal Gear Solid 3: Snake Eater
57%
Final Fantasy VII
54.3%
Grand Theft Auto IV
52.5%
Mirror's Edge
38.9%
The Binding of Isaac: Rebirth
36.7%
Bloodborne
26.4%
Remove Ads.
Support Sporcle.
Get the best of Sporcle when you Go Orange. This ad-free experience offers more features, more stats, and more fun while also helping to support Sporcle. Thank you for becoming a member.

You're not logged in!

Compare scores with friends on all Sporcle quizzes.
OR
Log In

Show Comments

Extras

Curator PickedReportIcon Source: Made image myself
Tags:Video Games Quiz, in-game, Slideshow

Top Quizzes Today


Score Distribution

Your Account Isn't Verified!

In order to create a playlist on Sporcle, you need to verify the email address you used during registration. Go to your Sporcle Settings to finish the process.

Report this User

Report this user for behavior that violates our Community Guidelines.

Details: